Las distancias del cine

-д хадгалсан:
Номзүйн дэлгэрэнгүй
Үндсэн зохиолч: Rancière, Jacques, 1940- (Зохиогч)
Формат: Ном
Хэл сонгох:испани
Хэвлэсэн: Buenos Aires Manantial 2012
Хэвлэл:1a. ed
Цуврал:Colección Texturas
Нөхцлүүд:
Шошгууд: Шошго нэмэх
Шошго байхгүй, Энэхүү баримтыг шошголох эхний хүн болох!

MARC

LEADER 00000cam a2200000 a 4500
001 UCF1553
003 CL-VaPUC
008 120711e20120000AG |||||||||||||||||spa|d
020 |a 9789875001572 
082 0 4 |a 791.4309  |b RAN  |2 21 
100 |a Rancière, Jacques,  |d 1940-  |e author  |9 557220 
245 1 4 |a Las distancias del cine 
250 |a 1a. ed 
300 |a 144 p 
942 |c BK 
945 |d 20120711 00:00:00  |a cmena 
260 |a Buenos Aires  |b Manantial  |c 2012 
650 0 |a Cinematografía  |9 265198 
650 0 |a Crítica e interpretación   |9 255042 
650 0 |a Filosofía del arte  |9 264951 
583 |a last modification  |c 20120711 16:46:00  |k Rodrigo Vera 
490 0 |a Colección Texturas 
999 |c 348280  |d 348278 
952 |0 0  |1 0  |4 0  |6 791_430900000000000_RAN_2012  |7 0  |8 A  |9 450241  |a BIBART  |b BIBART  |d 2019-11-22  |i 4882237  |o 791.4309 RAN 2012  |p 4882237  |r 2025-03-13  |w 2019-11-22  |y BK  |k ART